Strata titles in Singapore and Malaysia
| Main Author: | |
|---|---|
| Format: | Book |
| Published: |
Singapore :
Butterworths Asia ,
1998
|
| Subjects: |
MARC
| LEADER | 00000cam a2200000 7i4500 | ||
|---|---|---|---|
| 001 | 0000006686 | ||
| 005 | 20030128.0 | ||
| 020 | |a 0409999652 | ||
| 040 | |a INS | ||
| 090 | 0 | 0 | |a KNC207. |b T46 1998 |
| 100 | 0 | |a Teo Keang Sood | |
| 245 | 1 | 0 | |a Strata titles in Singapore and Malaysia |c Teo Keang Sood |
| 260 | |a Singapore : |b Butterworths Asia , |c 1998 | ||
| 300 | |a 694 p. ; |c 26 cm. | ||
| 650 | 0 | 0 | |a Strata titles |z Malaysia |
| 650 | 0 | 0 | |a Strata titles |z Singapore |
| 999 | |a 0000007496 |b BOOK |c Open Shelf |e Default branch | ||